[Event "Warsaw Przepiorka Memorial"]
[Site "Warsaw"]
[Date "2019.12.31"]
[Round "9"]
[White "Kowalski, Igor"]
[Black "Rahul, Kumar Pune"]
[Result "1-0"]
[WhiteElo "2354"]
[BlackElo "2148"]
[PlyCount "70"]
[EventDate "2019.12.27"]
[EventType "swiss"]
[EventRounds "9"]
[EventCountry "POL"]
[SourceTitle "CBM 194 Extra"]
[Source "ChessBase"]
[SourceDate "2020.03.31"]
[SourceVersion "1"]
[SourceVersionDate "2020.03.31"]
[SourceQuality "1"]

1. b3 d6 2. Bb2 Nf6 3. g3 e5 4. Bg2 Nbd7 5. d3 g6 6. Nd2 Bg7 7. e3 0-0 8. Ne2 c6 9. h3 Re8 10. g4 Qc7 11. Ng3 d5 12. g5 Nh5 13. Nxh5 gxh5 14. Qxh5 a5 15. a4 Nc5 16. 0-0 Bf5 17. Rae1 Qd7 18. e4 Bg6 19. Qf3 d4 20. h4 h6 21. Nc4 Qd8 22. Ba3 Qe7 23. Qg4 hxg5 24. hxg5 b5 25. Nd2 b4 26. Bc1 Ne6 27. Nf3 Qc5 28. Re2 Bf8 29. Nh4 Ng7 30. Bf3 Ra7 31. Kg2 Nh5 32. Nf5 Nf4+ 33. Bxf4 exf4 34. Rh1 Qe5 35. Rh4 c5 1-0

[Event "Karlsruhe Grenke op"]
[Site "Karlsruhe"]
[Date "2019.04.20"]
[Round "4"]
[White "Kosakowski, Jakub"]
[Black "Rahul, Kumar Pune"]
[Result "1-0"]
[WhiteElo "2385"]
[BlackElo "2216"]
[PlyCount "79"]
[EventDate "2019.04.18"]
[EventType "swiss"]
[EventRounds "9"]
[EventCountry "GER"]
[SourceTitle "CBM 189 Extra"]
[Source "ChessBase"]
[SourceDate "2019.06.03"]
[SourceVersion "1"]
[SourceVersionDate "2019.06.03"]
[SourceQuality "1"]

1. e4 c5 2. Nf3 g6 3. d4 cxd4 4. Qxd4 Nf6 5. Nc3 Nc6 6. Qa4 h5 7. Bf4 Bg7 8. h3 d6 9. e5 dxe5 10. Nxe5 0-0 11. Nxc6 bxc6 12. Qxc6 Bf5 13. Rd1 Qa5 14. Qb5 Qxb5 15. Bxb5 Bxc2 16. Rd2 Bf5 17. 0-0 Rad8 18. Rfd1 Rxd2 19. Rxd2 Ne4 20. Nxe4 Bxe4 21. Rd7 a5 22. Rxe7 Bb1 23. Bc4 Bf5 24. b3 Bb1 25. a4 Bf6 26. Ra7 Bd4 27. Rd7 Bg7 28. Bd6 Bf5 29. Rc7 Rd8 30. Rxf7 Kh8 31. Bf4 Rd4 32. Bc7 h4 33. Re7 Rd1+ 34. Kh2 Rd2 35. f3 Bc2 36. Bxa5 Rd1 37. Bc7 Rb1 38. Be5 Bxe5+ 39. Rxe5 Bxb3 40. Rb5 1-0

[Event "Rilton Cup 48th"]
[Site "Stockholm"]
[Date "2018.12.29"]
[Round "3"]
[White "Erenberg, Ariel"]
[Black "Rahul, Kumar Pune"]
[Result "1/2-1/2"]
[WhiteElo "2413"]
[BlackElo "2212"]
[PlyCount "144"]
[EventDate "2018.12.27"]
[EventType "swiss"]
[EventRounds "9"]
[EventCountry "SWE"]
[SourceTitle "CBM 188 Extra"]
[Source "ChessBase"]
[SourceDate "2019.02.26"]
[SourceVersion "1"]
[SourceVersionDate "2019.02.26"]
[SourceQuality "1"]

1. d4 d6 2. Nf3 g6 3. g3 Bg7 4. Bg2 Nf6 5. 0-0 0-0 6. c4 Bg4 7. Nc3 Nc6 8. h3 Bxf3 9. Bxf3 Nd7 10. e3 e5 11. dxe5 Ncxe5 12. Be2 Nb6 13. Qb3 Qc8 14. Kh2 c6 15. e4 Qe6 16. a4 Nbxc4 17. Rd1 Nb6 18. Qc2 f5 19. exf5 Rxf5 20. f4 Raf8 21. a5 Nbd7 22. Ne4 d5 23. fxe5 Nxe5 24. Ng5 Qf6 25. Bf4 Rxg5 26. Bxg5 Qf2+ 27. Kh1 Qxg3 28. Ra3 Qxg5 29. Rf1 Re8 30. Rb3 Qe7 31. Qd2 Nf7 32. Bf3 Nd6 33. Bg2 Nc4 34. Bxd5+ cxd5 35. Qxd5+ Qe6 36. Qxe6+ Rxe6 37. Rxb7 Bd4 38. Rd1 Bf6 39. Rxa7 Nxa5 40. Rxa5 Bxb2 41. Rd7 Re8 42. Raa7 Bf6 43. Rxh7 Re1+ 44. Kg2 Ra1 45. Rab7 Rb1 46. Kf3 Rb5 47. Rhd7 Rxb7 48. Rxb7 Kf8 49. Ke4 Kg8 50. Kd5 Bg7 51. Ke6 Bd4 52. Rb8+ Kg7 53. Rb7+ Kg8 54. Kd5 Bf6 55. Ke4 Kf8 56. Kf4 Kg8 57. Kg4 Kf8 58. h4 Be7 59. h5 gxh5+ 60. Kxh5 Kf7 61. Rb6 Bc5 62. Rc6 Be3 63. Kg4 Ke7 64. Kf5 Kd7 65. Rg6 Bc1 66. Ke5 Bb2+ 67. Kd5 Ke7 68. Rg2 Bc3 69. Kc4 Be5 70. Re2 Kd6 71. Ra2 Bf6 72. Rd2+ Ke6 1/2-1/2

[Event "Hasselbacken op"]
[Site "Stockholm"]
[Date "2018.11.04"]
[Round "8"]
[White "Seo, Jung Min"]
[Black "Rahul, Kumar Pune"]
[Result "1-0"]
[WhiteElo "2369"]
[BlackElo "2204"]
[PlyCount "65"]
[EventDate "2018.11.02"]
[EventType "swiss"]
[EventRounds "8"]
[EventCountry "SWE"]
[SourceTitle "CBM 187 Extra"]
[Source "ChessBase"]
[SourceDate "2018.11.04"]
[SourceVersion "1"]
[SourceVersionDate "2018.11.04"]
[SourceQuality "1"]

1. Nf3 d6 2. g3 g6 3. Bg2 Bg7 4. 0-0 Nf6 5. d3 0-0 6. e4 Nc6 7. Nc3 Bd7 8. h3 a6 9. a4 h6 10. Nd2 Nd4 11. Ne2 Nh5 12. Nxd4 Bxd4 13. Nb3 Bg7 14. g4 Nf6 15. f4 c5 16. e5 Ne8 17. Bxb7 Rb8 18. Bg2 Qc7 19. Qe2 dxe5 20. fxe5 Bxe5 21. Bxh6 Ng7 22. Rae1 Bd6 23. Nd2 Kh7 24. Bxg7 Kxg7 25. Nc4 Bh2+ 26. Kh1 Bg3 27. Qxe7 Bxe1 28. Ne5 Kg8 29. Rxf7 Qxe5 30. Rxf8+ Rxf8 31. Qxe5 Re8 32. Qd6 Be6 33. Bc6 1-0

[Event "Hasselbacken op"]
[Site "Stockholm"]
[Date "2017.11.05"]
[Round "7"]
[White "Rahul, Kumar Pune"]
[Black "Blomqvist, Erik"]
[Result "0-1"]
[WhiteElo "2178"]
[BlackElo "2503"]
[PlyCount "66"]
[EventDate "2017.11.03"]
[EventType "swiss"]
[EventRounds "8"]
[EventCountry "SWE"]
[SourceTitle "CBM 181 Extra"]
[Source "ChessBase"]
[SourceDate "2017.12.12"]
[SourceVersion "1"]
[SourceVersionDate "2017.12.12"]
[SourceQuality "1"]

1. g3 d5 2. Bg2 g6 3. d3 Bg7 4. Nc3 c6 5. e4 dxe4 6. Nxe4 Nd7 7. Ne2 Ngf6 8. Ng5 0-0 9. 0-0 e5 10. a4 a5 11. Bd2 Re8 12. Nc3 Nc5 13. Be3 Ne6 14. h3 Nd4 15. Qd2 Nf5 16. Nge4 Nxe3 17. Nxf6+ Qxf6 18. Qxe3 Qe7 19. Qb6 Be6 20. Rfe1 f5 21. f4 exf4 22. gxf4 Qd7 23. Ne2 Ra6 24. Qc5 Bxb2 25. Rab1 Bf6 26. Qf2 Ba2 27. Rbd1 Bf7 28. Kf1 b5 29. Nc1 Rxe1+ 30. Rxe1 bxa4 31. Qc5 Qd4 32. Qxd4 Bxd4 33. Ne2 Bb2 0-1

[Event "World Amateur-ch U2300"]
[Site "Spoleto"]
[Date "2017.04.08"]
[Round "9"]
[White "Rahul, Kumar Pune"]
[Black "Zaika, Daniil"]
[Result "1/2-1/2"]
[WhiteElo "2228"]
[BlackElo "2128"]
[PlyCount "120"]
[EventDate "2017.04.01"]
[EventType "swiss"]
[EventRounds "9"]
[EventCountry "ITA"]
[SourceTitle "CBM 177 Extra"]
[Source "ChessBase"]
[SourceDate "2017.04.27"]
[SourceVersion "1"]
[SourceVersionDate "2017.04.27"]
[SourceQuality "1"]

1. d4 Nf6 2. Bf4 g6 3. Nc3 d5 4. Qd2 Bg7 5. 0-0-0 0-0 6. f3 c5 7. dxc5 Nc6 8. Bh6 Bxh6 9. Qxh6 Qa5 10. e3 Qxc5 11. h4 d4 12. exd4 Nxd4 13. Nge2 Nf5 14. Qf4 Be6 15. g4 Ne3 16. Qd4 Qxd4 17. Rxd4 Rfd8 18. Rxd8+ Rxd8 19. Nf4 Bc4 20. Bxc4 Nxc4 21. g5 Ne8 22. Re1 Kf8 23. Ne4 Ng7 24. b3 Nd6 25. c4 Ndf5 26. Nd5 Ne6 27. Rh1 Ned4 28. f4 e6 29. Ndf6 Ne2+ 30. Kb2 Nxf4 31. Nxh7+ Ke7 32. Nhf6 Nh5 33. Nxh5 gxh5 34. Nf6 Rd4 35. Kc3 Rxh4 36. Rd1 Nd6 37. Kb4 b6 38. Ka4 Rh2 39. b4 b5+ 40. cxb5 Rxa2+ 41. Kb3 Rg2 42. Ng8+ Kd7 43. Nf6+ Kc7 44. Ka4 h4 45. Rc1+ Kd8 46. Rd1 Ke7 47. Ng8+ Kf8 48. Nf6 Ke7 49. Ng8+ Kd7 50. Nf6+ Kc7 51. Rc1+ Kb7 52. Rd1 h3 53. Rd3 h2 54. Rh3 Nf5 55. Rh7 Kc8 56. b6 axb6 57. Kb5 Ng3 58. g6 fxg6 59. Kxb6 Rd2 60. Rh8+ Rd8 1/2-1/2

[Event "SWE Cup"]
[Site "Sweden"]
[Date "2017.03.24"]
[Round "7.4"]
[White "Rahul, Kumar Pune"]
[Black "Lissang, Christopher"]
[Result "0-1"]
[WhiteElo "2163"]
[BlackElo "2327"]
[PlyCount "88"]
[EventDate "2017.01.14"]
[EventType "team-tourn"]
[EventRounds "9"]
[EventCountry "SWE"]
[SourceTitle "EXT 2018"]
[Source "ChessBase"]
[SourceDate "2017.10.13"]
[SourceVersion "1"]
[SourceVersionDate "2017.10.13"]
[SourceQuality "1"]
[WhiteTeam "Orgryte"]
[BlackTeam "Stockholm CC"]
[WhiteTeamCountry "SWE"]
[BlackTeamCountry "SWE"]

1. d4 Nf6 2. Nf3 e6 3. Bg5 c5 4. e3 b6 5. Nbd2 Bb7 6. Bd3 Be7 7. 0-0 0-0 8. c3 cxd4 9. exd4 Nc6 10. Re1 h6 11. Bh4 Nh5 12. Bg3 f5 13. Ne5 Nxe5 14. Bxe5 Qe8 15. Nc4 Qg6 16. Bf1 f4 17. f3 Bh4 18. Bd3 Qg5 19. Nd6 Bxe1 20. Nxb7 Bh4 21. Nd6 Nf6 22. Bc2 g6 23. Qd3 Kh7 24. Kh1 Nh5 25. Ne4 Qf5 26. Qd2 Qf7 27. Nd6 Qe7 28. Qd3 Rg8 29. Kg1 Raf8 30. Kf1 Nf6 31. Bxf4 Nd5 32. Be5 Qg5 33. g3 Ne3+ 34. Ke2 Rxf3 35. Kxf3 Rf8+ 36. Bf4 Nd5 37. Qe4 h5 38. Rf1 Rxf4+ 39. Qxf4 Nxf4 40. gxf4 Qg4+ 41. Ke3 Qh3+ 42. Rf3 Qxh2 43. Bd3 Qxb2 44. Ne4 Qc1+ 0-1

[Event "Vaxjo op"]
[Site "Vaxjo"]
[Date "2017.02.12"]
[Round "7"]
[White "Stahlberg, David"]
[Black "Rahul, Kumar Pune"]
[Result "0-1"]
[WhiteElo "2089"]
[BlackElo "2223"]
[PlyCount "108"]
[EventDate "2017.02.10"]
[EventType "swiss"]
[EventRounds "8"]
[EventCountry "SWE"]
[SourceTitle "CBM 176 Extra"]
[Source "ChessBase"]
[SourceDate "2017.03.02"]
[SourceVersion "1"]
[SourceVersionDate "2017.03.02"]
[SourceQuality "1"]

1. Nf3 d6 2. d4 g6 3. g3 Bg7 4. Bg2 Nc6 5. 0-0 Bg4 6. c3 e5 7. dxe5 dxe5 8. Qb3 Qc8 9. Be3 Nge7 10. Re1 0-0 11. Nbd2 Be6 12. Qc2 h6 13. Bc5 Qe8 14. e4 b6 15. Ba3 Na5 16. b3 c5 17. Rad1 Rc8 18. Nf1 Qc6 19. Ne3 Rfd8 20. c4 Qb7 21. Nd5 Nac6 22. h3 Rd7 23. Bc1 Rcd8 24. Kh2 Qa6 25. Bd2 Nc8 26. g4 Nd6 27. g5 h5 28. Nf6+ Bxf6 29. gxf6 Ne8 30. Bc3 Nxf6 31. Nxe5 Nxe5 32. Bxe5 Rxd1 33. Rxd1 Rxd1 34. Qxd1 Nd7 35. Bb2 Qxa2 36. Qc2 a5 37. f4 f6 38. f5 Bf7 39. e5 Nxe5 40. Bd5 gxf5 41. Kg3 a4 42. bxa4 Bxd5 43. cxd5 Qxd5 44. Qxf5 Qb3+ 45. Kh4 Qxb2 46. Qxf6 Qd4+ 47. Kxh5 Nf7 48. Qxb6 Qd1+ 49. Kh4 Qxa4+ 50. Kg3 Qd4 51. Kf3 Qd3+ 52. Kg4 c4 53. h4 c3 54. h5 c2 0-1

[Event "Vaxjo op"]
[Site "Vaxjo"]
[Date "2017.02.11"]
[Round "5"]
[White "Mariano, Christine Rose"]
[Black "Rahul, Kumar Pune"]
[Result "0-1"]
[WhiteElo "1912"]
[BlackElo "2223"]
[PlyCount "124"]
[EventDate "2017.02.10"]
[EventType "swiss"]
[EventRounds "8"]
[EventCountry "SWE"]
[SourceTitle "CBM 176 Extra"]
[Source "ChessBase"]
[SourceDate "2017.03.02"]
[SourceVersion "1"]
[SourceVersionDate "2017.03.02"]
[SourceQuality "1"]

1. e4 d6 2. Ne2 Nf6 3. Nbc3 b5 4. e5 dxe5 5. Nxb5 e6 6. d3 Bb7 7. Bg5 a6 8. Nbc3 Bc5 9. Ng3 Qd4 10. Be3 Qd6 11. Qd2 Nbd7 12. a3 0-0 13. Rd1 Bd4 14. Nge4 Qb6 15. Na4 Qc6 16. Nxf6+ Nxf6 17. b3 Rad8 18. c3 Bb6 19. Bxb6 cxb6 20. c4 Rd4 21. Nc3 Rfd8 22. Qg5 e4 23. Be2 exd3 24. Bf3 Qc7 25. Bxb7 Qxb7 26. f3 d2+ 27. Ke2 Rg4 28. Qe3 Rxg2+ 29. Kf1 Rg6 30. h3 h6 31. Rh2 Rg3 32. Ke2 Qc7 33. Rf2 Nh5 34. Rxd2 Rg1 35. f4 Ng3+ 36. Kf3 Qc6+ 37. Ne4 Rxd2 38. Rxd2 Nxe4 39. Rd8+ Kh7 40. Qxe4+ Qxe4+ 41. Kxe4 Re1+ 42. Kf3 Rh1 43. Kg2 Rb1 44. Rd3 Kg6 45. Kf3 Kf5 46. Ke3 Rh1 47. Kd4 Kxf4 48. b4 Rc1 49. a4 Ra1 50. c5 bxc5+ 51. Kxc5 Rxa4 52. Rd7 f5 53. Rxg7 e5 54. Rg6 h5 55. h4 e4 56. Rd6 e3 57. Re6 Kf3 58. Kc4 a5 59. Re5 Rxb4+ 60. Kd3 f4 61. Rxh5 Re4 62. Rxa5 e2 0-1

[Event "Vaxjo op"]
[Site "Vaxjo"]
[Date "2017.02.11"]
[Round "6"]
[White "Rahul, Kumar Pune"]
[Black "Bellon Lopez, Juan Manuel"]
[Result "0-1"]
[WhiteElo "2223"]
[BlackElo "2345"]
[PlyCount "64"]
[EventDate "2017.02.10"]
[EventType "swiss"]
[EventRounds "8"]
[EventCountry "SWE"]
[SourceTitle "CBM 176 Extra"]
[Source "ChessBase"]
[SourceDate "2017.03.02"]
[SourceVersion "1"]
[SourceVersionDate "2017.03.02"]
[SourceQuality "1"]

1. d4 Nf6 2. g3 d5 3. Bg2 c6 4. Nf3 Bf5 5. c4 e6 6. 0-0 Nbd7 7. Qb3 Qb6 8. c5 Qxb3 9. axb3 Be7 10. Nc3 a6 11. Bf4 h6 12. h3 g5 13. Bd2 Ne4 14. Be3 Bg6 15. Nxe4 Bxe4 16. Ne5 Bxg2 17. Kxg2 Nxe5 18. dxe5 f6 19. f4 gxf4 20. Bd4 f5 21. Rxf4 Rg8 22. Bf2 h5 23. Rb4 0-0-0 24. Raa4 Rdf8 25. Kf3 Rf7 26. Kg2 Rfg7 27. Kf3 Bd8 28. g4 fxg4+ 29. hxg4 Bg5 30. Kg2 Bc1 31. Bd4 Rxg4+ 32. Kf1 Rxd4 0-1

[Event "Vaxjo op"]
[Site "Vaxjo"]
[Date "2017.02.10"]
[Round "4"]
[White "Rahul, Kumar Pune"]
[Black "Golubka, Petr"]
[Result "0-1"]
[WhiteElo "2223"]
[BlackElo "2416"]
[PlyCount "90"]
[EventDate "2017.02.10"]
[EventType "swiss"]
[EventRounds "8"]
[EventCountry "SWE"]
[SourceTitle "CBM 176 Extra"]
[Source "ChessBase"]
[SourceDate "2017.03.02"]
[SourceVersion "1"]
[SourceVersionDate "2017.03.02"]
[SourceQuality "1"]

1. Nf3 f5 2. b3 Nf6 3. Bb2 e6 4. d3 Bb4+ 5. Nbd2 0-0 6. a3 Bxd2+ 7. Qxd2 d6 8. g3 e5 9. Bg2 c5 10. 0-0 Nc6 11. Nh4 d5 12. f4 e4 13. dxe4 fxe4 14. Rad1 d4 15. e3 Bg4 16. Rde1 Re8 17. h3 Bh5 18. Nf5 Bg6 19. Nh4 Bf7 20. Qf2 Rc8 21. g4 Nd5 22. exd4 e3 23. Qg3 cxd4 24. Nf5 Nde7 25. Be4 Nxf5 26. Bxf5 Rc7 27. Re2 Rce7 28. Qh4 Bg6 29. Bxg6 hxg6 30. Rd1 Qd5 31. Qg3 Qe4 32. b4 a6 33. a4 b5 34. axb5 axb5 35. Qg2 Kf7 36. c3 Rd7 37. cxd4 Nxb4 38. d5 Rxd5 39. Rxd5 Nxd5 40. Be5 Qxg2+ 41. Kxg2 Rxe5 42. fxe5 Nf4+ 43. Kf3 Nxe2 44. Kxe2 Ke6 45. Kxe3 Kxe5 0-1

[Event "Gothenburg op"]
[Site "Gothenburg"]
[Date "2016.08.21"]
[Round "8"]
[White "Hultin, Johan"]
[Black "Rahul, Kumar Pune"]
[Result "0-1"]
[WhiteElo "2340"]
[BlackElo "2184"]
[PlyCount "52"]
[EventDate "2016.08.19"]
[EventType "swiss"]
[EventRounds "8"]
[EventCountry "SWE"]
[SourceTitle "CBM 174 Extra"]
[Source "ChessBase"]
[SourceDate "2016.10.10"]
[SourceVersion "1"]
[SourceVersionDate "2016.10.10"]
[SourceQuality "1"]

1. d4 g6 2. c4 Bg7 3. Nc3 d6 4. Nf3 Bg4 5. e3 Nc6 6. Be2 e5 7. d5 Nce7 8. 0-0 Nf6 9. e4 0-0 10. Bg5 h6 11. Be3 b6 12. Nd2 Bxe2 13. Qxe2 Nh5 14. g3 f5 15. f3 a5 16. b3 Qd7 17. a3 f4 18. Bf2 fxg3 19. hxg3 Qh3 20. Qe1 g5 21. Ne2 Ng6 22. Be3 Ngf4 23. gxf4 gxf4 24. Qf2 fxe3 25. Qxe3 Rf6 26. Qc3 Ng3 0-1